Wound Care / (Record no. 13716)
[ view plain ]
| 000 -LEADER | |
|---|---|
| fixed length control field | 02378cam a22004214a 4500 |
| 001 - CONTROL NUMBER | |
| control field | 15246780 |
| 005 - DATE AND TIME OF LATEST TRANSACTION | |
| control field | 20090810074800.0 |
| 008 - FIXED-LENGTH DATA ELEMENTS--GENERAL INFORMATION | |
| fixed length control field | 080402s2009 nyua |rb 001 0 eng |
| 010 ## - LIBRARY OF CONGRESS CONTROL NUMBER | |
| LC control number | 2008015169 |
| 016 7# - NATIONAL BIBLIOGRAPHIC AGENCY CONTROL NUMBER | |
| Record control number | 101470485 |
| Source | DNLM |
| 020 ## - INTERNATIONAL STANDARD BOOK NUMBER | |
| International Standard Book Number | 9780071493970 (pbk. : alk. paper) |
| 020 ## - INTERNATIONAL STANDARD BOOK NUMBER | |
| International Standard Book Number | 0071493972 (pbk. : alk. paper) |
| 035 ## - SYSTEM CONTROL NUMBER | |
| System control number | (OCoLC)221961067 |
| Canceled/invalid control number | (OCoLC)192056333 |
| 035 ## - SYSTEM CONTROL NUMBER | |
| System control number | (OCoLC)ocn221961067 |
| 040 ## - CATALOGING SOURCE | |
| Original cataloging agency | DNLM/DLC |
| Transcribing agency | DLC |
| Modifying agency | NLM |
| -- | BAKER |
| -- | BTCTA |
| -- | YDXCP |
| -- | C#P |
| -- | CDX |
| -- | DLC |
| 042 ## - AUTHENTICATION CODE | |
| Authentication code | pcc |
| 050 00 - LIBRARY OF CONGRESS CALL NUMBER | |
| Classification number | RD93.95 |
| Item number | .S29 2009 |
| 060 00 - NATIONAL LIBRARY OF MEDICINE CALL NUMBER | |
| Classification number | 2008 N-253 |
| 060 10 - NATIONAL LIBRARY OF MEDICINE CALL NUMBER | |
| Classification number | WY 154 |
| Item number | S289n 2009 |
| 082 00 - DEWEY DECIMAL CLASSIFICATION NUMBER | |
| Edition number | 22 |
| Classification number | 617.1 |
| Item number | SCE |
| 100 1# - MAIN ENTRY--PERSONAL NAME | |
| Personal name | Scemons, Donna. |
| 9 (RLIN) | 12831 |
| 245 10 - TITLE STATEMENT | |
| Title | Wound Care / |
| Statement of responsibility, etc | Donna Scemons, Denise Elston. |
| 260 ## - PUBLICATION, DISTRIBUTION, ETC. (IMPRINT) | |
| Place of publication, distribution, etc | New York : |
| Name of publisher, distributor, etc | McGraw-Hill Medical, 2009 |
| Date of publication, distribution, etc | c2009. |
| 300 ## - PHYSICAL DESCRIPTION | |
| Extent | xii, 369 p. : |
| Other physical details | col. ill. ; |
| Dimensions | 19 cm. |
| 490 1# - Series Statement | |
| Series statement | Nurse to nurse |
| 504 ## - BIBLIOGRAPHY, ETC. NOTE | |
| Bibliography, etc | Includes bibliographical references and index. |
| 505 0# - FORMATTED CONTENTS NOTE | |
| Formatted contents note | Ethical considerations in wound evaluation and management -- Principles of skin and wound care -- Pressure ulcer assessment and management principles -- Lower extremity wounds of venous insufficiency -- Arterial insufficiency, ulcer assessment, and management principles -- Neuropathic and diabetic ulcer assessment and management principles -- Lymphedema -- Assessment of other wound types -- Wound management, products, and support surface selection -- Skin assessment and documentation. |
| 650 #0 - SUBJECT ADDED ENTRY--TOPICAL TERM | |
| Topical term or geographic name as entry element | Wounds and injuries |
| General subdivision | Nursing. |
| 9 (RLIN) | 12832 |
| 650 12 - SUBJECT ADDED ENTRY--TOPICAL TERM | |
| Topical term or geographic name as entry element | Wounds and Injuries |
| General subdivision | nursing. |
| 9 (RLIN) | 12833 |
| 700 1# - ADDED ENTRY--PERSONAL NAME | |
| Personal name | Elston, Denise. |
| 9 (RLIN) | 12834 |
| 830 #0 - SERIES ADDED ENTRY--UNIFORM TITLE | |
| Uniform title | Nurse to nurse (New York, N.Y.) |
| 9 (RLIN) | 12835 |
| 856 42 - ELECTRONIC LOCATION AND ACCESS | |
| Materials specified | Contributor biographical information |
| Uniform Resource Identifier | <a href="http://www.loc.gov/catdir/enhancements/fy0829/2008015169-b.html">http://www.loc.gov/catdir/enhancements/fy0829/2008015169-b.html</a> |
| 856 42 - ELECTRONIC LOCATION AND ACCESS | |
| Materials specified | Publisher description |
| Uniform Resource Identifier | <a href="http://www.loc.gov/catdir/enhancements/fy0829/2008015169-d.html">http://www.loc.gov/catdir/enhancements/fy0829/2008015169-d.html</a> |
| 856 41 - ELECTRONIC LOCATION AND ACCESS | |
| Materials specified | Table of contents only |
| Uniform Resource Identifier | <a href="http://www.loc.gov/catdir/enhancements/fy0829/2008015169-t.html">http://www.loc.gov/catdir/enhancements/fy0829/2008015169-t.html</a> |
| 942 ## - ADDED ENTRY ELEMENTS (KOHA) | |
| Source of classification or shelving scheme | Dewey Decimal Classification |
| Item type | |
| Withdrawn status | Item status | Source of classification or shelving scheme | Damaged status | Not for loan | Vendor | Home library | Current library | Shelving location | Date acquired | Source of acquisition | Cost, normal purchase price | Serial Enumeration / chronology | Total Checkouts | Total Renewals | Full call number | Barcode | Date last seen | Date last borrowed | Koha item type |
|---|---|---|---|---|---|---|---|---|---|---|---|---|---|---|---|---|---|---|---|
| Dewey Decimal Classification | Alahram | Central Library | Central Library | First floor | 16/03/2010 | 194.50 | 572 | 14 | 49 | 617.1 SCE | 000019750 | 15/07/2025 | 23/03/2015 | Book - Borrowing |